Lyrics to 'Debí Suponerlo' by Morat - Statistics

General Stats
  • This quiz has been taken 69 times
  • The average score is 239 of 260
Answer Stats
Answer % Correct
a
100%
abrazado
100%
alejaste
100%
De
100%
Debí
100%
despedida
100%
el
100%
es
100%
fuerte
100%
haber
100%
hubiera
100%
iba
100%
llegaste
100%
más
100%
Me
100%
me
100%
mentiras
100%
mi
100%
Pero
100%
que
100%
Que
100%
sabido
100%
se
100%
suponerlo
100%
te
100%
Te
100%
terminar
100%
100%
vida
100%
Y
100%
yo
100%
Yo
100%
abrazo
94%
con
94%
desde
94%
Desde
94%
era
94%
la
94%
La
94%
lo
94%
Nunca
94%
pensé
94%
robado
94%
Sabia
94%
Si
94%
sido
94%
siguiente
94%
última
94%
vez
94%
acabar
88%
besos
88%
cuidarme
88%
delataste
88%
iban
88%
ojos
88%
perder
88%
Querías
88%
tus
88%
cabrón
81%
contigo
81%
duele
81%
estás
81%
fuera
81%
gente
81%
hice
81%
igual
81%
México
81%
no
81%
No
81%
otra
81%
Porque
81%
Roma
81%
siente
81%
toca
81%
ya
81%
abiertamente
75%
ahora
75%
completamente
75%
corazón
75%
digo
75%
extrañar
75%
indiferente
75%
Partido
75%
pedí
75%
perdón
75%
quedó
75%
Quien
75%
razón
75%
vivo
75%
dos
69%
en
69%
televisión
69%
veo
69%
este
56%
hay
38%
noticias
31%
urgentes
31%
No matching quizzes found
Score Distribution
Percent of People with Each Score
Percentile by Number Answered
Your Score History
You have not taken this quiz